Introducción a la geometría y variedades hiperbólicas /

Guardado en:
Autor Principal: Verjovsky, A. 1943-
Autor Corporativo: Escuela Latinoamericana de Matemáticas
Formato: Libro
Idioma:Spanish
Publicado: [México : Instituto Politécnico Nacional], 1982.
Etiquetas: Agregar Etiqueta
Sin Etiquetas, Sea el primero en etiquetar este registro!
LEADER 00726nam a22001695a 4500
001 MAT.inmabb004109
008 061206s1982####mx#a#####b####000#0#spa#d
005 20130311115211.0
245 1 3 |a Introducción a la geometría y variedades hiperbólicas /  |c A. Verjovsky. 
260 |a [México :  |b Instituto Politécnico Nacional],  |c 1982. 
300 |a ii, 228 p. :  |b il. ;  |c 23 cm. 
500 |a "Sexta Escuela Latinoamericana de Matemática, Oaxtepec, Morelos, julio de 1982". 
504 |a Incluye referencias bibliográficas (p. 227-228). 
100 1 |a Verjovsky, A.  |q (Alberto),  |d 1943- 
711 2 |a Escuela Latinoamericana de Matemáticas  |n (6ª :  |d 1982 :  |c Oaxtepec, México) 
084 |a 51Mxx  |2 msc2000 
859 |h 51  |i V518  |p A-5858  |b BIB. MATEMATICA